000 00684nam a2200253Ia 4500
001 44301
005 20240114003624.0
007 ta
008 080101s1960 ii a g b000 u 903 u
020 _cHB
040 _aCotton College,Assam
041 _a903
082 _a522.7
_bC 398 M
100 _aChauvenet, William .
245 0 _aMannual of Spherical and Practical Astronomy Vol 1 /
_cWilliam Chauvenet.
_hTextual Documents
250 _a1st ed /
260 _aNew York :
_bDover Publications ,
_c1960.
300 _a707p. :
_bill. ;
_c23cm .
653 _aAstronomy
653 _aT/G-Mathematics
942 _2ddc
_cBK
999 _c44267
_d44267